Countries that Start with I - Statistics

General Stats
  • This quiz has been taken 49 times
  • The average score is 8 of 9
Answer Stats
Answer % Correct
Indonesia
95%
India
90%
Iran
90%
Iraq
90%
Iceland
88%
Ireland
88%
Italy
88%
Israel
73%
Ivory Coast
63%
No matching quizzes found
Score Distribution
Percent of People with Each Score
Percentile by Number Answered
Your Score History
You have not taken this quiz